000 00914nam a2200205Ia 4500
003 Ost
005 20260507075635.0
008 260507s9999||||xx |||||||||||||| ||und||
040 _cfsecg
041 _aara
082 _a341.44
100 _aمصطفى، مأمون
_eمؤلف
245 0 _aمدخل الى القانون الدولي :
_bالنظرية العامة - قانون المعاهدات الدولية- القانون الدولي للبحار والانهار /
_c مأمون مصطفى
260 _aعمان:
_bدار روائع مجدلاوى,
_c2002
300 _a319 صفحة؛
_bإيضاحات ؛
_c24 سم
520 _aالنظرية العامة- قانون المعاهدات الدولية- القانون الدولي للبحار- قانون الأنهار الدولية
653 _aالقانون الدولي
653 _aالمعاهدات الدولية
942 _cكتاب
999 _c45284
_d45284